000 01080cam a2200181 a 4500
999 _c5939
_d5939
020 _a9789988115821
020 _a9988115822
050 0 0 _aKRX956
_b.Ab8
100 1 _aAbrefa-Gyan, Kwame.
245 1 0 _aBriefcase on company law for professional and tertiary students /
_cKwame Abrefa-Gyan.
250 _a2nd ed.
260 _aAccra, Ghana :
_bMethodist Book Depot Limited,
_c2009.
300 _avi, 309 p. ;
_c21 cm.
500 _aIncludes Bibliography
505 0 _aArticles of association and memorandum of association -- Incorporation of companies -- Promoter -- Pre-incorporation contracts -- Separate legal personality -- Ultra vires -- Registration-debenture -- Election of officers -- Directors -- Extraordinary general meeting -- Register of members -- Company property -- Limited liability company -- Veil of incorporation -- Acts of directors -- Receiver -- The courts and minority shareholder protection -- Remedy against oppression -- Winding up, dissolution and liquidation. Bibliography
650 0 _aCorporation law
942 _cBK